| 000 | 00460 a2200121 4500 | ||
|---|---|---|---|
| 020 | _a0444009434 | ||
| 082 | _a624.17102 HOL | ||
| 100 | _aHolzer, Siegfried M. | ||
| 245 |
_aComputer analysis of structures : _bmatrix structural analysis structured programming / _cSiegfried M. Holzer. |
||
| 260 |
_aNew York : _bElsevier, _c1985. |
||
| 300 |
_axii, 426 p. : _bill. ; _c24 cm. |
||
| 650 |
_aStructural analysis (Engineering) _xMatrix methods _xData processing. |
||
| 650 | _aStructured programming. | ||
| 999 |
_c1249 _d1249 |
||